Porque no saben lo que hacen

সংরক্ষণ করুন:
গ্রন্থ-পঞ্জীর বিবরন
প্রধান লেখক: Zizek, Slavoj
বিন্যাস: গ্রন্থ
ভাষা:Undetermined
প্রকাশিত: Buenos Aires, Argentina Paidós 2003
বিষয়গুলি:
ট্যাগগুলো: ট্যাগ যুক্ত করুন
কোনো ট্যাগ নেই, প্রথমজন হিসাবে ট্যাগ করুন!

MARC

LEADER 00000nam a2200000Ia 4500
008 170316s9999 xx 000 0 und d
090 |a 100 Z-6.1p 
100 |a Zizek, Slavoj 
245 |a Porque no saben lo que hacen 
260 |a Buenos Aires, Argentina 
260 |b Paidós 
260 |c 2003 
300 |a 370 páginas 
650 |a FILOSOFÍA 
650 |a PSICOANÁLISIS 
650 |a EL MALESTAR DE LA DIALECTIVA 
650 |a LA LENGUA HEGELIANA 
999 |c 17963  |d 17963 
040 |a cru BVZT 
942 |c 15 D  |h 100 Z-6.1p  |2 z